[Event "DEM U10/U10w 2004"]
[Site "Willingen GER"]
[Date "2004.06.04"]
[Round "9"]
[White "Orhan, Eda"]
[Black "Zier, Oliver"]
[Result "0-1"]
[Termination "normal"]
[Board "4"]
[WhiteElo "1312"]
[BlackElo "1296"]
[PlyCount "86"]
[WhiteFideId "24659258"]
[BlackFideId "24631906"]
[EventCountry "GER"]
[EventRounds "11"]
[EventType "swiss"]
[EventDate "2004.05.29"]

1. e4 c5 2. Nf3 Nc6 3. d4 cxd4 4. Nxd4 e6 5. Nc3 d6 6. f3 Nf6 7. Bg5 Be7 8.
Bxf6 Bxf6 9. Ndb5 Be5 10. Na3 Qh4+ 11. g3 Bxg3+ 12. Ke2 Be5 13. Nab5 Qd8 14.
Qd2 a6 15. Na3 Nd4+ 16. Kd1 b5 17. f4 Bf6 18. Ne2 Nxe2 19. c3 b4 20. Nc4 Nxc3+
21. bxc3 Bxc3 22. Qc1 Bxa1 23. Qxa1 e5 24. f5 Bb7 25. Bg2 O-O 26. Qb2 a5 27.
Qf2 Rc8 28. Ne3 Qc7 29. Ke2 Qc3 30. Qg3 Qb2+ 31. Kf3 Ba6 32. Re1 Rc1 33. Bf1
Bxf1 34. Rxf1 Rxf1+ 35. Nxf1 Qxa2 36. f6 g6 37. Qg5 Qe6 38. Ng3 h6 39. Qh4 h5
40. Nxh5 Rc8 41. Ng7 Rc3+ 42. Kg2 Qa2+ 43. Qf2 Rc2 0-1

[Event "DEM U10/U10w 2004"]
[Site "Willingen GER"]
[Date "2004.06.04"]
[Round "9"]
[White "Mertens, Fridolin"]
[Black "Dünzel, Jonas"]
[Result "0-1"]
[Termination "normal"]
[Board "5"]
[WhiteElo "1449"]
[BlackElo "1433"]
[PlyCount "86"]
[WhiteFideId "24671940"]
[BlackFideId "24631167"]
[EventCountry "GER"]
[EventRounds "11"]
[EventType "swiss"]
[EventDate "2004.05.29"]

1. e4 c5 2. Nf3 e6 3. d4 cxd4 4. Nxd4 a6 5. Nc3 Qc7 6. Bd3 Nc6 7. Be3 Bb4 8.
O-O Nf6 9. f4 Bc5 10. Bc4 Nxd4 11. Bxd4 e5 12. fxe5 Qxe5 13. Bf2 O-O 14. Bd3 d6
15. Kh1 Bxf2 16. Rxf2 Ng4 17. Kg1 Qxh2+ 18. Kf1 Qh1+ 19. Ke2 Qxd1+ 20. Rxd1
Nxf2 21. Kxf2 Be6 22. Rh1 g6 23. Nd5 Bxd5 24. exd5 Rfe8 25. Rh4 Re7 26. Rb4 Rc8
27. Rb6 Rd7 28. b3 Re8 29. c4 f5 30. g3 Rf8 31. b4 Rc8 32. a4 h5 33. a5 Kf7 34.
b5 axb5 35. cxb5 Rc5 36. a6 Rcc7 37. a7 Rc8 38. Kf3 Ra8 39. Kf4 Rxa7 40. Kg5
Ra4 41. Be2 Re4 42. Bf3 Re1 43. Kh6 Rg1 0-1

[Event "DEM U10/U10w 2004"]
[Site "Willingen GER"]
[Date "2004.06.04"]
[Round "9"]
[White "Friedrich, Wiede"]
[Black "Risius, Philipp"]
[Result "0-1"]
[Termination "normal"]
[Board "6"]
[WhiteElo "1436"]
[BlackElo "1264"]
[PlyCount "98"]
[WhiteFideId "24629537"]
[BlackFideId "24630330"]
[EventCountry "GER"]
[EventRounds "11"]
[EventType "swiss"]
[EventDate "2004.05.29"]

1. e4 e5 2. Nc3 Nf6 3. Bc4 Bc5 4. Nge2 d6 5. O-O Ng4 6. h3 Nxf2 7. Rxf2 Bxf2+
8. Kxf2 Qf6+ 9. Kg1 Qg6 10. Kh2 c6 11. d3 a5 12. a4 O-O 13. Be3 Be6 14. b3 Nd7
15. Qd2 Nf6 16. Bxe6 fxe6 17. Ng1 d5 18. exd5 exd5 19. Bg5 h6 20. Bxf6 Rxf6 21.
Re1 Raf8 22. Nf3 Re6 23. Rxe5 Rxe5 24. Nxe5 Qd6 25. d4 c5 26. Kg1 cxd4 27. Qxd4
Re8 28. Nf3 Rc8 29. Qxd5+ Qxd5 30. Nxd5 Rxc2 31. Nf4 g5 32. Ne6 b6 33. Ned4 Rb2
34. Kh2 Kg7 35. Ng1 Rd2 36. Nge2 Kf6 37. Kg3 h5 38. Kf3 Rd1 39. g3 Ke5 40. h4
gxh4 41. gxh4 Rd3+ 42. Kf2 Rxd4 43. Nxd4 Kxd4 44. Kf3 Kc3 45. Kf4 Kxb3 46. Kg5
Kxa4 47. Kxh5 Kb5 48. Kg5 a4 49. h5 a3 0-1

[Event "DEM U10/U10w 2004"]
[Site "Willingen GER"]
[Date "2004.06.04"]
[Round "9"]
[White "Kazman, Caner"]
[Black "Zimmermann, Gordon"]
[Result "0-1"]
[Termination "normal"]
[Board "7"]
[WhiteElo "1259"]
[BlackElo "1562"]
[PlyCount "34"]
[WhiteFideId "24684953"]
[BlackFideId "24624330"]
[EventCountry "GER"]
[EventRounds "11"]
[EventType "swiss"]
[EventDate "2004.05.29"]

1. e4 e5 2. Nf3 Nc6 3. Bc4 Nf6 4. d4 exd4 5. O-O Bc5 6. e5 d5 7. exf6 dxc4 8.
fxg7 Rg8 9. Re1+ Be6 10. Bh6 Qf6 11. Qd2 O-O-O 12. Bg5 Qxg7 13. g3 Rde8 14. Kg2
Bd5 15. Rxe8+ Rxe8 16. Na3 Ne5 17. Bh6 Qg4 0-1

[Event "DEM U10/U10w 2004"]
[Site "Willingen GER"]
[Date "2004.06.04"]
[Round "9"]
[White "Kotainy, Jens"]
[Black "Dötterl, Michael"]
[Result "1-0"]
[Termination "normal"]
[Board "8"]
[WhiteElo "1492"]
[BlackElo "1274"]
[PlyCount "87"]
[WhiteFideId "24670499"]
[EventCountry "GER"]
[EventRounds "11"]
[EventType "swiss"]
[EventDate "2004.05.29"]

1. e4 c5 2. Nc3 e6 3. f4 d6 4. Nf3 Nc6 5. d3 Nf6 6. g3 a6 7. a4 Qc7 8. Bg2 Be7
9. O-O O-O 10. Kh1 Bd7 11. Be3 Rab8 12. Qd2 b5 13. axb5 axb5 14. Ne2 Ra8 15.
Rfc1 Ng4 16. Bg1 b4 17. h3 Nf6 18. Rxa8 Rxa8 19. e5 Nd5 20. exd6 Qxd6 21. c4
Nf6 22. d4 Ra5 23. dxc5 Qxd2 24. Nxd2 Bxc5 25. Bxc5 Rxc5 26. Nb3 Rh5 27. Kg1
Na5 28. Ned4 Ba4 29. g4 Nxb3 30. Nxb3 Rh4 31. Nc5 Bd7 32. g5 Bc8 33. gxf6 gxf6
34. Rd1 Rxf4 35. Rd8+ Kg7 36. Rxc8 Rxc4 37. b3 Rc1+ 38. Kh2 Kh6 39. Rc6 Kg5 40.
Ne4+ Kf4 41. Rxc1 f5 42. Ng3 Ke3 43. Re1+ Kf2 44. Re2# 1-0

[Event "DEM U10/U10w 2004"]
[Site "Willingen GER"]
[Date "2004.06.04"]
[Round "9"]
[White "Bräuer, Franz"]
[Black "Marquardt, Patrick"]
[Result "1-0"]
[Termination "normal"]
[Board "10"]
[WhiteElo "1357"]
[BlackElo "1269"]
[PlyCount "85"]
[WhiteFideId "24634468"]
[BlackFideId "4670086"]
[EventCountry "GER"]
[EventRounds "11"]
[EventType "swiss"]
[EventDate "2004.05.29"]

1. e4 c5 2. Nf3 a6 3. c4 Nc6 4. Nc3 d6 5. d4 cxd4 6. Nxd4 Nf6 7. Bg5 e5 8. Nb3
Be7 9. Qd2 O-O 10. O-O-O Ng4 11. Bxe7 Qxe7 12. f3 Nf6 13. Qxd6 Qxd6 14. Rxd6
Be6 15. Be2 Rfd8 16. Rxd8+ Rxd8 17. Nd5 Bxd5 18. cxd5 Ne7 19. Kb1 Rc8 20. Rc1
Rxc1+ 21. Kxc1 Nd7 22. Kc2 f5 23. Kc3 Kf8 24. Kb4 Ke8 25. Nc5 Nxc5 26. Kxc5
fxe4 27. fxe4 Kd7 28. Kb6 Kc8 29. Bg4+ Kb8 30. b4 g6 31. a4 h5 32. Be6 Nc8+ 33.
Bxc8 Kxc8 34. h4 Kb8 35. d6 Kc8 36. d7+ Kxd7 37. Kxb7 Kd8 38. Kxa6 Kc8 39. Kb6
Kb8 40. b5 Ka8 41. a5 Kb8 42. a6 Ka8 43. Kc7 1-0

[Event "DEM U10/U10w 2004"]
[Site "Willingen GER"]
[Date "2004.06.04"]
[Round "9"]
[White "Riabov, Igor"]
[Black "Osmanodja, Filiz"]
[Result "1-0"]
[Termination "normal"]
[Board "11"]
[WhiteElo "1353"]
[BlackElo "1219"]
[PlyCount "135"]
[BlackFideId "24633569"]
[EventCountry "GER"]
[EventRounds "11"]
[EventType "swiss"]
[EventDate "2004.05.29"]

1. e4 c5 2. Nf3 d6 3. d4 cxd4 4. Nxd4 Nf6 5. Nc3 g6 6. Be3 Bg7 7. f3 O-O 8. Qd2
Nc6 9. Nb3 Bd7 10. O-O-O Rc8 11. Bh6 Ne5 12. h4 a5 13. Bxg7 Kxg7 14. a3 Rb8 15.
Nd4 Qe8 16. g4 b5 17. h5 b4 18. axb4 axb4 19. Nd5 Nexg4 20. Nxf6 Nxf6 21. hxg6
fxg6 22. Qh6+ Kh8 23. f4 e5 24. fxe5 dxe5 25. Nf3 Bg4 26. Ng5 Qe7 27. Rd2 b3
28. Qxg6 bxc2 29. Rxc2 Rbd8 30. Bc4 Qd7 31. b3 Rc8 32. Nf7+ Rxf7 33. Qxf7 Qxf7
34. Bxf7 Rxc2+ 35. Kxc2 Nxe4 36. Rh4 Bf5 37. Kb2 Nd6 38. Bd5 Bg6 39. Ra4 Kg7
40. Ra7+ Kh6 41. Ra6 Nb5 42. Rb6 Nd4 43. Kc3 Nf3 44. Bxf3 Kg5 45. Re6 Kf5 46.
Rd6 e4 47. Be2 Kf4 48. b4 Bf5 49. b5 Ke5 50. Rd1 Kf6 51. b6 Bc8 52. Ra1 Bb7 53.
Ba6 Bc6 54. b7 Bxb7 55. Bxb7 e3 56. Kd3 e2 57. Kxe2 h5 58. Ra5 Kg6 59. Kf3 h4
60. Kg4 Kh7 61. Kxh4 Kh8 62. Rg5 Kh7 63. Kg4 Kh8 64. Kf5 Kh7 65. Kf6 Kh6 66.
Bc6 Kh7 67. Rg4 Kh8 68. Kf7 1-0

[Event "DEM U10/U10w 2004"]
[Site "Willingen GER"]
[Date "2004.06.04"]
[Round "9"]
[White "Müller, Tobias"]
[Black "Bialas, Daniel"]
[Result "1-0"]
[Termination "normal"]
[Board "12"]
[WhiteElo "1320"]
[BlackElo "982"]
[PlyCount "123"]
[WhiteFideId "24643394"]
[EventCountry "GER"]
[EventRounds "11"]
[EventType "swiss"]
[EventDate "2004.05.29"]

1. c4 e5 2. Nc3 Nc6 3. g3 Bc5 4. Bg2 d6 5. d3 Nf6 6. Nf3 O-O 7. O-O h6 8. a3
Nd4 9. e3 Nxf3+ 10. Bxf3 c6 11. Na4 Bh3 12. Bg2 Bxg2 13. Kxg2 Bb6 14. Nxb6 Qxb6
15. b4 d5 16. c5 Qd8 17. Bb2 Re8 18. f3 Nd7 19. Qe2 a5 20. Kh1 axb4 21. axb4
Rxa1 22. Rxa1 f5 23. Re1 Rf8 24. f4 e4 25. dxe4 fxe4 26. Ra1 Nf6 27. Bd4 Qc8
28. Kg2 Rf7 29. b5 cxb5 30. Qxb5 Qc6 31. Rb1 Qxb5 32. Rxb5 Kh7 33. Rb6 h5 34.
Rd6 Kg6 35. Bxf6 Rxf6 36. Rxd5 b6 37. cxb6 Rxb6 38. Re5 Rb4 39. Kh3 Ra4 40. g4
hxg4+ 41. Kxg4 Kh7 42. h4 Kg8 43. Kf5 Kf7 44. h5 Rb4 45. Rxe4 Rxe4 46. Kxe4 Kf6
47. Kd5 Kf7 48. Kd6 Kf6 49. e4 Kf7 50. Kd7 Kf8 51. e5 Kf7 52. e6+ Kg8 53. e7 g6
54. e8=Q+ Kg7 55. Qxg6+ Kh8 56. Qe4 Kg7 57. f5 Kf6 58. Qe6+ Kg7 59. f6+ Kh7 60.
f7 Kg7 61. Qg6+ Kh8 62. f8=Q# 1-0

[Event "DEM U10/U10w 2004"]
[Site "Willingen GER"]
[Date "2004.06.04"]
[Round "9"]
[White "Schätz, Annika"]
[Black "Ma, Beini"]
[Result "0-1"]
[Termination "normal"]
[Board "13"]
[WhiteElo "1139"]
[BlackElo "1312"]
[PlyCount "154"]
[WhiteFideId "24674796"]
[BlackFideId "24630101"]
[EventCountry "GER"]
[EventRounds "11"]
[EventType "swiss"]
[EventDate "2004.05.29"]

1. e4 c5 2. Nf3 Nc6 3. d4 cxd4 4. Nxd4 Nf6 5. Nc3 e6 6. Bg5 Bb4 7. Nxc6 bxc6 8.
e5 Qa5 9. exf6 Qxg5 10. fxg7 Qxg7 11. Qf3 Bxc3+ 12. Qxc3 Qxc3+ 13. bxc3 Rb8 14.
Bd3 Rb2 15. O-O h6 16. Rfb1 Rb6 17. c4 Ra6 18. a4 Ra5 19. Rb8 Kd8 20. h3 Kc7
21. Rb3 Ba6 22. Be2 Rc5 23. Rab1 Bxc4 24. Bxc4 Rxc4 25. Rb7+ Kd6 26. Rxa7 Rxc2
27. Rd1+ Ke5 28. Raxd7 Ra2 29. Ra7 f5 30. a5 Rb8 31. a6 Rb6 32. Re1+ Kd5 33.
Rd1+ Ke5 34. Re7 Kf6 35. Rdd7 Raxa6 36. f4 Rb4 37. Rf7+ Kg6 38. Rg7+ Kh5 39.
g4+ fxg4 40. hxg4+ Kh4 41. Rd2 Rxf4 42. Rh2+ Kg3 43. Rg2+ Kf3 44. Rf2+ Ke4 45.
Re2+ Kd5 46. Rd7+ Kc5 47. Rc2+ Rc4 48. Rxc4+ Kxc4 49. Rd6 Kb5 50. Rxe6 c5 51.
Rxa6 Kxa6 52. Kf2 c4 53. Ke2 Kb5 54. Kd2 Kc5 55. Kc2 Kd4 56. Kd2 Ke4 57. Kc3
Kf4 58. Kxc4 Kxg4 59. Kd3 Kg3 60. Ke2 Kg2 61. Ke3 h5 62. Kf4 h4 63. Kg4 h3 64.
Kf4 h2 65. Ke5 h1=Q 66. Kd4 Qe1 67. Kd5 Kf3 68. Kd4 Qe2 69. Kd5 Kf4 70. Kd4
Qd2+ 71. Kc5 Ke4 72. Kc6 Ke5 73. Kc5 Qc3+ 74. Kb5 Kd6 75. Kb6 Qb4+ 76. Ka6 Kc7
77. Ka7 Qa5# 0-1

[Event "DEM U10/U10w 2004"]
[Site "Willingen GER"]
[Date "2004.06.04"]
[Round "9"]
[White "Babayev, Ramil"]
[Black "Döll, Laurin"]
[Result "1-0"]
[Termination "normal"]
[Board "14"]
[WhiteElo "1382"]
[BlackElo "1171"]
[PlyCount "107"]
[WhiteFideId "24664243"]
[EventCountry "GER"]
[EventRounds "11"]
[EventType "swiss"]
[EventDate "2004.05.29"]

1. e4 e5 2. Nf3 Nc6 3. Bc4 Bc5 4. b4 Bxb4 5. c3 Ba5 6. O-O Nf6 7. d3 d6 8. Bb2
h6 9. Nbd2 O-O 10. Nb3 Bb6 11. h3 Be6 12. Bxe6 fxe6 13. Re1 Qd7 14. a4 a5 15.
d4 exd4 16. cxd4 Rae8 17. Nh4 Qf7 18. Qd2 e5 19. d5 Nb4 20. Nf3 Nh5 21. Bc3 Nf4
22. Bxb4 axb4 23. a5 Ba7 24. Qd1 Nd3 25. Qxd3 Qg6 26. Nbd2 Rf7 27. Rab1 Bc5 28.
Ra1 Ref8 29. a6 bxa6 30. Rxa6 Bb6 31. Rb1 Bc5 32. Rba1 Bd4 33. Nxd4 Rxf2 34. g4
exd4 35. Ra8 Qg5 36. Rxf8+ Rxf8 37. Rf1 Qe3+ 38. Qxe3 Rxf1+ 39. Kxf1 dxe3 40.
Nb3 Kf7 41. Ke2 Kf6 42. h4 Ke5 43. Kxe3 g6 44. Nc1 Kf6 45. Nd3 b3 46. Kd2 Ke7
47. Kc3 Kd7 48. Kxb3 c6 49. dxc6+ Kxc6 50. Kc4 Kd7 51. Kd5 Kc7 52. Ke6 Kc6 53.
Kf6 d5 54. e5 1-0

[Event "DEM U10/U10w 2004"]
[Site "Willingen GER"]
[Date "2004.06.04"]
[Round "9"]
[White "Schulz, Anja"]
[Black "Schmitz, Stefan"]
[Result "0-1"]
[Termination "normal"]
[Board "15"]
[WhiteElo "1166"]
[BlackElo "1328"]
[PlyCount "142"]
[WhiteFideId "24647845"]
[BlackFideId "4625730"]
[EventCountry "GER"]
[EventRounds "11"]
[EventType "swiss"]
[EventDate "2004.05.29"]

1. e4 e5 2. f4 Bc5 3. Nf3 d6 4. Nc3 Nf6 5. Bc4 Bg4 6. d3 Nc6 7. Na4 Bb6 8. Nxb6
axb6 9. c3 O-O 10. O-O Na5 11. Bb3 Nxb3 12. Qxb3 Qe7 13. Be3 Rfd8 14. Bd2 Nd7
15. Qd5 c6 16. Qb3 Nc5 17. Qc2 d5 18. Nxe5 Bc8 19. Be3 f6 20. Nf3 dxe4 21. dxe4
Nxe4 22. Bxb6 Re8 23. Qb3+ Be6 24. c4 Nc5 25. Bxc5 Qxc5+ 26. Kh1 b5 27. a3 Bxc4
28. Qc3 Qb6 29. Rfe1 Qc7 30. Qb4 Qxf4 31. b3 c5 32. Qxc5 Bxb3 33. Qxb5 Reb8 34.
Qc5 Rc8 35. Qb4 Qxb4 36. axb4 Rab8 37. Re4 Rd8 38. h3 h6 39. Ra7 Kh7 40. Nh4
Re8 41. Rg4 Rg8 42. Rg3 Bc2 43. Rg4 h5 44. Rc4 Bg6 45. Rcc7 Rxb4 46. Nxg6 Kxg6
47. Kh2 h4 48. Rd7 f5 49. Rd6+ Kg5 50. Rdd7 g6 51. Rd6 Kf4 52. Rh7 g5 53. Rd3
Re8 54. Rf3+ Ke4 55. Rg7 Rb1 56. Rxg5 f4 57. Rg4 Rf8 58. Rxh4 Rb5 59. Rg4 Rh5
60. g3 Kxf3 61. gxf4 Rxf4 62. Rg3+ Ke4 63. Kg2 Kf5 64. Kh2 Rg5 65. Rd3 Rf2+ 66.
Kh1 Ke4 67. Rb3 Ra5 68. Rb1 Raa2 69. Rb4+ Kd3 70. h4 Ra1+ 71. Rb1 Rxb1# 0-1

[Event "DEM U10/U10w 2004"]
[Site "Willingen GER"]
[Date "2004.06.04"]
[Round "9"]
[White "Schäfer, Daniela"]
[Black "Göbel, Constantin"]
[Result "1/2-1/2"]
[Termination "normal"]
[Board "16"]
[WhiteElo "918"]
[BlackElo "1237"]
[PlyCount "51"]
[WhiteFideId "4624769"]
[BlackFideId "24647071"]
[EventCountry "GER"]
[EventRounds "11"]
[EventType "swiss"]
[EventDate "2004.05.29"]

1. e4 e6 2. d4 d5 3. e5 c5 4. c3 Nc6 5. Nf3 f6 6. exf6 Nxf6 7. Bd3 Qb6 8. O-O
Bd6 9. Re1 O-O 10. a3 a5 11. Bc2 Bd7 12. Qd2 cxd4 13. Nxd4 Nxd4 14. cxd4 Qc7
15. h3 Rac8 16. Nc3 b5 17. Re2 b4 18. Nd1 bxa3 19. bxa3 Rfe8 20. Ne3 Qc3 21.
Qxc3 Rxc3 22. Bd2 Rxa3 23. Rxa3 Bxa3 24. Bxa5 Bd6 25. Bc3 Rc8 26. Bb2 1/2-1/2

[Event "DEM U10/U10w 2004"]
[Site "Willingen GER"]
[Date "2004.06.04"]
[Round "9"]
[White "Leach, Julien"]
[Black "Spangenberg, Romy"]
[Result "1-0"]
[Termination "normal"]
[Board "17"]
[WhiteElo "1232"]
[BlackElo "1119"]
[PlyCount "131"]
[BlackFideId "4627997"]
[EventCountry "GER"]
[EventRounds "11"]
[EventType "swiss"]
[EventDate "2004.05.29"]

1. e4 c5 2. Nf3 d6 3. d4 cxd4 4. Nxd4 Nf6 5. Nc3 g6 6. Be3 Bg7 7. f3 Nc6 8. Nb3
O-O 9. Qd2 Bd7 10. Bh6 Rc8 11. Bxg7 Kxg7 12. O-O-O Ne5 13. h4 Nc4 14. Bxc4 Rxc4
15. g4 Qe8 16. h5 Ba4 17. Nd4 Qd7 18. b3 Rc7 19. Nxa4 Rfc8 20. Rh2 b5 21. Nb2
Rc3 22. hxg6 fxg6 23. Qh6+ Kg8 24. g5 Nh5 25. Rdd2 e5 26. Ne2 Rxf3 27. Rh1 Rh3
28. Rxh3 Qxh3 29. Rxd6 Qf1+ 30. Kd2 Rf8 31. Rd7 Rf7 32. Rd8+ Rf8 33. Rxf8+ Qxf8
34. Qxf8+ Kxf8 35. Ke3 Ke7 36. Kf3 Kd6 37. Nd3 a5 38. a4 b4 39. c3 bxc3 40.
Nxc3 Ng7 41. Nd5 Ne6 42. Kg4 Nc5 43. Nxc5 Kxc5 44. Kf3 Kc6 45. Ke3 Kd6 46. Kd3
Kc5 47. Kc3 Kc6 48. Nf6 Kc5 49. Nxh7 Kb6 50. Nf6 Ka6 51. Ng4 Kb6 52. Nxe5 Kc5
53. Nxg6 Kd6 54. e5+ Ke6 55. Nf4+ Kf7 56. g6+ Ke7 57. e6 Kf6 58. b4 axb4+ 59.
Kxb4 Kf5 60. g7 Kxf4 61. g8=Q Ke5 62. e7 Kd4 63. e8=Q Kd3 64. Qd5+ Kc2 65. Qe2+
Kb1 66. Qdd1# 1-0

[Event "DEM U10/U10w 2004"]
[Site "Willingen GER"]
[Date "2004.06.04"]
[Round "9"]
[White "Dauer, Maximilian"]
[Black "Gisy, Roberto"]
[Result "1/2-1/2"]
[Termination "normal"]
[Board "18"]
[WhiteElo "1124"]
[BlackElo "1229"]
[PlyCount "131"]
[EventCountry "GER"]
[EventRounds "11"]
[EventType "swiss"]
[EventDate "2004.05.29"]

1. e4 e5 2. Bc4 Nf6 3. d3 Nc6 4. Nc3 Bc5 5. Bg5 h6 6. Be3 Bb6 7. Qd2 d6 8.
O-O-O Be6 9. Bb3 Qd7 10. Nge2 O-O-O 11. f3 d5 12. exd5 Nxd5 13. Nxd5 Bxd5 14.
Bxd5 Qxd5 15. Nc3 Bxe3 16. Qxe3 Qe6 17. Rhf1 Rhe8 18. f4 Rd7 19. f5 Qe7 20. Nb5
Kb8 21. Rd2 a6 22. Nc3 Red8 23. Ne4 f6 24. Qc5 Qf7 25. Qc4 Qxc4 26. dxc4 Rd4
27. Re1 Rxc4 28. Rxd8+ Nxd8 29. b3 Rd4 30. Nc5 Kc8 31. Rd1 Rxd1+ 32. Kxd1 a5
33. Kd2 b6 34. Ne4 Kd7 35. Kd3 Ke7 36. h4 Nb7 37. Kc4 Nd6+ 38. Nxd6 Kxd6 39. a3
h5 40. b4 axb4 41. axb4 e4 42. Kd4 e3 43. Kxe3 Ke5 44. c4 c5 45. b5 Kxf5 46.
Kf3 g6 47. g3 g5 48. Ke3 gxh4 49. gxh4 Kg4 50. Ke4 f5+ 51. Kd5 f4 52. Kc6 f3
53. Kxb6 f2 54. Kxc5 f1=Q 55. b6 Qf8+ 56. Kb5 Kxh4 57. b7 Kg5 58. Kb6 Qb8 59.
c5 h4 60. c6 h3 61. c7 Qxb7+ 62. Kxb7 h2 63. c8=Q h1=Q+ 64. Qc6 Qb1+ 65. Qb6
Qe4+ 66. Qc6 1/2-1/2

[Event "DEM U10/U10w 2004"]
[Site "Willingen GER"]
[Date "2004.06.04"]
[Round "9"]
[White "Mirke, Roy"]
[Black "Schmitt, Katrin"]
[Result "1-0"]
[Termination "normal"]
[Board "19"]
[WhiteElo "1227"]
[BlackElo "995"]
[PlyCount "113"]
[WhiteFideId "24647306"]
[BlackFideId "24654400"]
[EventCountry "GER"]
[EventRounds "11"]
[EventType "swiss"]
[EventDate "2004.05.29"]

1. e4 e5 2. Nf3 Nc6 3. Bc4 Bc5 4. c3 Nf6 5. d4 exd4 6. e5 d5 7. Bb5 Ne4 8. cxd4
Bb6 9. Be3 O-O 10. O-O Bg4 11. Bxc6 bxc6 12. h3 Bh5 13. Nbd2 f6 14. Qc2 Nxd2
15. Nxd2 Qd7 16. f4 fxe5 17. fxe5 Bg6 18. Qc3 Qe6 19. Nf3 Be4 20. Ng5 Qg6 21.
Nxe4 dxe4 22. Qc4+ Kh8 23. Rxf8+ Rxf8 24. Rf1 Rxf1+ 25. Qxf1 Qe8 26. Qf4 Qg8
27. Qxe4 Qxa2 28. Qxc6 h6 29. Qc3 Qe6 30. b4 Kh7 31. b5 Kg8 32. Kf2 Qf7+ 33.
Kg1 Qe6 34. Qd3 c6 35. Kh1 Qd5 36. bxc6 Qxc6 37. d5 Qe8 38. Bxb6 axb6 39. e6
Kf8 40. Qc4 b5 41. Qc5+ Kg8 42. Kh2 Qb8+ 43. d6 Kf8 44. Kh1 Ke8 45. d7+ Kd8 46.
Qf8+ Kc7 47. Qxb8+ Kxb8 48. d8=Q+ Kb7 49. e7 Ka6 50. e8=R Kb7 51. Re7+ Kc6 52.
Rc7+ Kb6 53. Qb8+ Ka5 54. Rc5 Ka4 55. Qxb5+ Ka3 56. Qb6 Ka4 57. Ra5# 1-0

[Event "DEM U10/U10w 2004"]
[Site "Willingen GER"]
[Date "2004.06.04"]
[Round "9"]
[White "Große, Christian"]
[Black "Fittkau, Nico"]
[Result "0-1"]
[Termination "normal"]
[Board "21"]
[WhiteElo "1119"]
[BlackElo "1253"]
[PlyCount "96"]
[WhiteFideId "24646156"]
[EventCountry "GER"]
[EventRounds "11"]
[EventType "swiss"]
[EventDate "2004.05.29"]

1. c4 Nf6 2. Nc3 e6 3. g3 c6 4. Bg2 d5 5. cxd5 cxd5 6. d4 Be7 7. Nf3 Nbd7 8.
O-O O-O 9. Bf4 b6 10. Rc1 Bb7 11. Qd2 Rc8 12. Rfe1 Rc6 13. a3 Qc8 14. Nb5 Qa8
15. Rxc6 Bxc6 16. Nc3 Qb7 17. Rc1 Rc8 18. Ne5 Nxe5 19. Bxe5 Ng4 20. Bf4 b5 21.
b4 Bd7 22. e3 Qc6 23. e4 Nf6 24. exd5 exd5 25. Nxd5 Qxc1+ 26. Qxc1 Rxc1+ 27.
Bxc1 Nxd5 28. Bxd5 Bf6 29. Be3 Kf8 30. Kg2 Ke7 31. Kf3 g6 32. Bb3 Bg7 33. Bd5
f5 34. h4 Kd6 35. Bb3 a6 36. Bf4+ Ke7 37. Bg5+ Kf8 38. Be3 Bc6+ 39. Kf4 Ke7 40.
Bg8 Kf6 41. g4 Bf8 42. Kg3 fxg4 43. Kxg4 h5+ 44. Kg3 Kf5 45. Bb3 Bd6+ 46. Kh3
Ke4 47. Bc2+ Kf3 48. Bf5 gxf5 0-1

[Event "DEM U10/U10w 2004"]
[Site "Willingen GER"]
[Date "2004.06.04"]
[Round "9"]
[White "Strohmann, Marc"]
[Black "Braun, Georg"]
[Result "1/2-1/2"]
[Termination "normal"]
[Board "22"]
[WhiteElo "1248"]
[BlackElo "1181"]
[PlyCount "54"]
[BlackFideId "24629383"]
[EventCountry "GER"]
[EventRounds "11"]
[EventType "swiss"]
[EventDate "2004.05.29"]

1. f4 d5 2. Nf3 Nf6 3. e3 Bf5 4. b3 c5 5. Bb2 e6 6. Bb5+ Nbd7 7. Bxd7+ Nxd7 8.
O-O f6 9. d3 Bd6 10. Qe1 Qb6 11. Nbd2 O-O-O 12. Rc1 Rhe8 13. Qe2 Bg4 14. c4
dxc4 15. Nxc4 Qc6 16. b4 Be7 17. d4 Kb8 18. dxc5 Bxf3 19. Qxf3 Qb5 20. a3 Rc8
21. Nd2 a5 22. bxa5 Rxc5 23. Rxc5 Bxc5 24. Rb1 Qa6 25. g4 Qa7 26. Nf1 Rc8 27.
h4 Rc7 1/2-1/2

[Event "DEM U10/U10w 2004"]
[Site "Willingen GER"]
[Date "2004.06.04"]
[Round "9"]
[White "Stark, Saskia"]
[Black "Rührmund, Daniel"]
[Result "1-0"]
[Termination "normal"]
[Board "23"]
[WhiteElo "1226"]
[BlackElo "1122"]
[PlyCount "59"]
[WhiteFideId "4601050"]
[BlackFideId "24674583"]
[EventCountry "GER"]
[EventRounds "11"]
[EventType "swiss"]
[EventDate "2004.05.29"]

1. e4 e5 2. Nf3 Nc6 3. d4 exd4 4. Nxd4 Bc5 5. Be3 Qf6 6. c3 Nge7 7. Bc4 O-O 8.
O-O Re8 9. f3 Ng6 10. Bf2 Nge5 11. Be2 Bd6 12. Nd2 Qh6 13. Nf5 Qg6 14. f4 b6
15. fxe5 Nxe5 16. Nf3 Nc6 17. N3h4 Qe6 18. Bf3 Bb7 19. Nxd6 cxd6 20. Bg3 Ne5
21. Bxe5 dxe5 22. Nf5 Rad8 23. Nd6 Bc6 24. Nxe8 Rxe8 25. Qd2 Qg6 26. Rad1 Re6
27. h3 Qg3 28. Qf2 Qg5 29. Rfe1 Rg6 30. Bg4 1-0

[Event "DEM U10/U10w 2004"]
[Site "Willingen GER"]
[Date "2004.06.04"]
[Round "9"]
[White "Lebek, Ricarda"]
[Black "Ohnmacht, Simon"]
[Result "0-1"]
[Termination "normal"]
[Board "24"]
[WhiteElo "914"]
[BlackElo "1208"]
[PlyCount "126"]
[WhiteFideId "4624688"]
[BlackFideId "24672980"]
[EventCountry "GER"]
[EventRounds "11"]
[EventType "swiss"]
[EventDate "2004.05.29"]

1. e4 d5 2. exd5 Nf6 3. c4 c6 4. dxc6 Nxc6 5. Nf3 e5 6. b3 Bg4 7. Be2 Bc5 8.
Bb2 Bd4 9. Nxd4 Nxd4 10. Bxd4 Qxd4 11. Nc3 Bxe2 12. Nxe2 Qg4 13. O-O Rd8 14.
Re1 O-O 15. Ng3 Qg5 16. Re2 h5 17. d3 Rd4 18. Qd2 Qxd2 19. Rxd2 e4 20. Rad1
Rfd8 21. Nf5 Rxd3 22. Rxd3 Rxd3 23. Rxd3 exd3 24. Kf1 Ne4 25. Ne3 Nc3 26. Ke1
Nxa2 27. Kd2 Nb4 28. Kc3 a5 29. Nd1 Nc2 30. Nb2 Ne1 31. g3 d2 32. h4 Nf3 33.
Kc2 Kf8 34. Nd1 f6 35. Kd3 g5 36. hxg5 fxg5 37. Ne3 Ke7 38. Ke4 d1=Q 39. Nxd1
Nd2+ 40. Kf5 Nxb3 41. Nc3 h4 42. gxh4 gxh4 43. Kg4 Nd2 44. c5 Kd7 45. Kxh4 Kc6
46. f4 Kxc5 47. f5 Nf3+ 48. Kh5 b5 49. f6 Ne5 50. Kh6 b4 51. Na4+ Kb5 52. Nb2
Ng4+ 53. Kg5 Nxf6 54. Kxf6 a4 55. Ke5 a3 56. Nd3 a2 57. Ke4 a1=Q 58. Nxb4 Kxb4
59. Kd3 Qe5 60. Kd2 Qe4 61. Kd1 Qg2 62. Ke1 Kc3 63. Kd1 Qd2# 0-1

[Event "DEM U10/U10w 2004"]
[Site "Willingen GER"]
[Date "2004.06.04"]
[Round "9"]
[White "Malici, Nora"]
[Black "Lebeda, Timo"]
[Result "0-1"]
[Termination "normal"]
[Board "25"]
[WhiteElo "912"]
[BlackElo "1205"]
[PlyCount "52"]
[BlackFideId "4638565"]
[EventCountry "GER"]
[EventRounds "11"]
[EventType "swiss"]
[EventDate "2004.05.29"]

1. e4 e5 2. Nf3 Nc6 3. Bc4 Bc5 4. d3 Nf6 5. Nc3 O-O 6. O-O d6 7. Be3 Bxe3 8.
fxe3 Bg4 9. d4 Re8 10. Qd2 h6 11. h3 Bh5 12. a3 exd4 13. exd4 Nxe4 14. Nxe4
Rxe4 15. Bd5 Bxf3 16. Rxf3 Rxd4 17. Bxf7+ Kh8 18. Qc3 Re4 19. Rg3 Nd4 20. Bd5
Ne2+ 21. Kh2 Nxc3 22. Bxe4 Nxe4 23. Rg4 Nf6 24. Rg3 Qe7 25. Rf1 Qe5 26. Rff3
Nh5 0-1

[Event "DEM U10/U10w 2004"]
[Site "Willingen GER"]
[Date "2004.06.04"]
[Round "9"]
[White "Hager, Joshua Aarash"]
[Black "Kühnel, Lena"]
[Result "1-0"]
[Termination "normal"]
[Board "26"]
[WhiteElo "1193"]
[BlackElo "1104"]
[PlyCount "42"]
[WhiteFideId "24642789"]
[BlackFideId "24640956"]
[EventCountry "GER"]
[EventRounds "11"]
[EventType "swiss"]
[EventDate "2004.05.29"]

1. e4 e5 2. Nf3 Nc6 3. d4 exd4 4. Nxd4 Nf6 5. Nxc6 bxc6 6. e5 Nd5 7. c4 Ne7 8.
Bd3 d6 9. exd6 cxd6 10. Nc3 g6 11. Bg5 Bg7 12. O-O O-O 13. Qd2 Qc7 14. Ne2 Be6
15. Rfe1 Rfe8 16. Rad1 Rad8 17. Ng3 Rd7 18. Ne4 Qb7 19. Nf6+ Bxf6 20. Bxf6 Nf5
21. Bxf5 Bxf5 1-0